header

Anthropology put to work (Record no. 38104)

MARC details
000 -LEADER
fixed length control field 01454nam a2200385Ia 4500
245 00 - TITLE STATEMENT
Title Anthropology put to work
260 ## - PUBLICATION, DISTRIBUTION, ETC. (IMPRINT)
Place of publication Oxford ;
-- New York :
Name of publisher Berg,
Year of publication 2007.
300 ## - PHYSICAL DESCRIPTION
Number of Pages viii, 257 p.
490 1# - SERIES STATEMENT
Series statement Wenner-Gren international symposium series
650 #0 - SUBJECT ADDED ENTRY--TOPICAL TERM
Topical Term Applied anthropology.
Topical Term Anthropology.
700 1# - ADDED ENTRY--PERSONAL NAME
Personal name Field, Les W.
Personal name Fox, Richard Gabriel,
856 40 - ELECTRONIC LOCATION AND ACCESS
Uniform Resource Identifier http://site.ebrary.com/lib/rucke/Doc?id=10233371

No items available.

© 2026 Rongo University
Contact us: librarian | system librarian | Rongo university